5HLuxD.jpg

KING HENRY VIII SENIOR AND PRIMARY SCHOOL LIBRARY OPAC

Peter Pan / (Record no. 1989)

000 -LEADER
fixed length control field 00873nam a2200277 i 4500
001 - CONTROL NUMBER
control field 020773148
003 - CONTROL NUMBER IDENTIFIER
control field UkOxU
005 - DATE AND TIME OF LATEST TRANSACTION
control field 20230222175109.0
008 - FIXED-LENGTH DATA ELEMENTS--GENERAL INFORMATION
fixed length control field 171205s2016 enka j |||| 000|1 eng|d
020 ## - INTERNATIONAL STANDARD BOOK NUMBER
International Standard Book Number 9781786170231
Qualifying information paperback
040 ## - CATALOGING SOURCE
Original cataloging agency UkOxU
Language of cataloging eng
Description conventions rda
Transcribing agency UkOxU
Modifying agency KH8
082 ## - DEWEY DECIMAL CLASSIFICATION NUMBER
Classification number FIC BAR
100 1# - MAIN ENTRY--PERSONAL NAME
Personal name Barrie, J. M.
Fuller form of name (James Matthew),
Dates associated with a name 1860-1937,
Relator term author.
245 10 - TITLE STATEMENT
Title Peter Pan /
Statement of responsibility, etc. J M Barrie ; illustrated by Claudia Venturini.
264 #1 - PRODUCTION, PUBLICATION, DISTRIBUTION, MANUFACTURE, AND COPYRIGHT NOTICE
Place of production, publication, distribution, manufacture Thaxted, Essex :
Name of producer, publisher, distributor, manufacturer Miles Kelly Publishing Ltd,
Date of production, publication, distribution, manufacture, or copyright notice 2016.
264 #4 - PRODUCTION, PUBLICATION, DISTRIBUTION, MANUFACTURE, AND COPYRIGHT NOTICE
Date of production, publication, distribution, manufacture, or copyright notice ©2016
300 ## - PHYSICAL DESCRIPTION
Extent 320 pages :
Other physical details colour illustrations ;
Dimensions 17 cm
336 ## - CONTENT TYPE
Content type term text
Source rdacontent
337 ## - MEDIA TYPE
Media type term unmediated
Source rdamedia
338 ## - CARRIER TYPE
Carrier type term volume
Source rdacarrier
490 1# - SERIES STATEMENT
Series statement Mini classic
650 ## - SUBJECT ADDED ENTRY--TOPICAL TERM
Source of heading or term Children's stories
700 1# - ADDED ENTRY--PERSONAL NAME
Personal name Venturini, Claudia,
Relator term illustrator.
830 #0 - SERIES ADDED ENTRY--UNIFORM TITLE
Uniform title Mini classics (Thaxted, Essex).
942 ## - ADDED ENTRY ELEMENTS (KOHA)
Source of classification or shelving scheme
Koha item type Books - Non Ficton
Holdings
Withdrawn status Lost status Source of classification or shelving scheme Damaged status Not for loan Collection code Permanent Location Current Location Shelving location Date acquired Total Checkouts Full call number Barcode Date last seen Date last checked out Price effective from Koha item type
          Non-Fiction KH8 Primary School Library KH8 Primary School Library Non Fiction 2023-02-22 3 FIC BAR KHPL000003700 2025-12-05 2025-05-16 2023-02-22 Books - Non Ficton

Powered By KH8 IT Dept